1685 1601 1763 1466 1909 1458 1747 1620 1674 1070 1244 1995 1472 1480 1525 1235 1935 1151 1564 1304 1368 1880 1130 1247 1266 1351 1389 1813 1027 1949 1928 1763 1019 1559 1531 1056 1626 1013 1436 1560 1579 1212 1258 1831 1318 1838 1963 1109 1513 1567 1531 1944 1560 1913 1217 1699 1385 1765 1938 1928 1374 1503 1365 1320 1280 1923 1510 1969 1822 1066 1355 1835 1677 1383 1194 1871 1075 1906 1985 1319 1111 1076 1107 1692 1927 1969 1523 1021 1403 1815 1715 1165 1057 1231 1296 1307 1792 1028 1428 BCNSPRNW ULIB Ver.6.0+V

เปลี่ยนเป็นภาษาไทย

Change to English
 แสดงรายละเอียดบรรณานุกรม
  กลับหน้าหลัก

Brief Record : Get Marc (ISO 2709) : E-mail record : QR code < ปิดหน้าต่าง
LEADER : 00000nam 2200000uu 4500
001    13399125185
003     ULIB
008    161104s2558||||th 000 0 tha d
099    ^aวจ.WY157^bจ238ก
100 0  ^aจันทิมา ครุธดิลกานันท์
245 00 ^aการพัฒนากิจกรรมการเรียนการสอนเรื่องทักษะการทำคลอดปกติโดยใช้โมเดลซิปปา (CIPPA model) สำหรับนักศึกษาพยาบาลชั้นปีที่ 4 /^cจันทิมา ครุธดิลกานันท์
260    ^aพิษณุโลก :^bวิทยาลัยพยาบาลบรมราชชนนี พุทธชินราช ,^2558
300    ^a35 หน้า :^bตาราง
500    ^aรายงานการวิจัย
710 1  ^aวิทยาลัยพยาบาลบรมราชชนนี พุทธชินราช
945    ^p0^l0^i001463
999    ^aวรรณษา ชูชัยมงคล
รายการนี้ยังไม่มีแท็ก
คุณยังไม่ได้ล็อกอิน คุณสามารถมีกิจกรรมร่วมกับเว็บไซต์ได้ แต่ต้องล็อกอินก่อน ::
  ล็อกอิน

รายการสื่อสารสนเทศ

ลำดับที่ ประเภท เลขเรียก/บาร์โค้ด สถานที่ สถานะ
1. งานวิจัย
งานวิจัย
วจ.WY157 จ238ก ฉ.1 
  Barcode: 001463
ห้องสมุดวิทยาเขตสวรรค์ประชารักษ์
►วิจัย
บนชั้น

BibComment


ยังไม่เคยถูกคอมเมนท์

คอมเมนท์ทรัพยากรรายการนี้
  คอมเมนท์: การพัฒนากิจกรรมก..


 Copyright 2026. Bcnsprnw @Library